La educación superior en Nicaragua

محفوظ في:
التفاصيل البيبلوغرافية
المؤلف الرئيسي: Zepeda López, Raúl Antonio
مؤلف مشترك: CSUCA
التنسيق: نص
منشور في: San José: CSUCA
الوسوم: إضافة وسم
لا توجد وسوم, كن أول من يضع وسما على هذه التسجيلة!

MARC

LEADER 00000 a a2200000 04500
001 21180
003
040
090 |a 092100  
100 |a Zepeda López, Raúl Antonio  
110 |a CSUCA  
245 |a La educación superior en Nicaragua  
260 |a San José:   |b CSUCA  
300 |a 135 p.; v. 2  
999 |c 14760  |d 14760